书目信息 |
| 题名: |
国家司法考试应试指导与练习用书
|
|
| 作者: | 吴景明 主编 | |
| 分册: | 第四卷 | |
| 出版信息: | 北京 清华大学出版社 2004.07 |
|
| 页数: | 324页 | |
| 开本: | 26cm | |
| 丛书名: | 国家司法考试应试指导与练习丛书 | |
| 单 册: | ||
| 中图分类: | D920.4 | |
| 科图分类: | ||
| 主题词: | 法律工作者--fa lu gong zuo zhe--资格考试--中国--自学参考资料 | |
| 电子资源: | ||
| ISBN: | 7-302-08872-1 | |
| 000 | 01031nam 2200241 450 | |
| 001 | 010256581390 | |
| 005 | 20050901033116.95 | |
| 010 | @a7-302-08872-1@dCNY36.00 | |
| 100 | @a20050531d2004 km y0chiy0120 ea | |
| 101 | 0 | @achi |
| 102 | @aCN@b110000 | |
| 105 | @ay z 000yy | |
| 200 | 1 | @a国家司法考试应试指导与练习用书@Aguo jia si fa kao shi ying shi zhi dao yu lian xi yong shu@h第四卷@f吴景明主编@Fwu jing ming zhu bian |
| 210 | @a北京@c清华大学出版社@d2004.07 | |
| 215 | @a324页@d26cm | |
| 225 | 2 | @a国家司法考试应试指导与练习丛书@Aguo jia si fa kao shi ying shi zhi dao yu lian xi cong shu |
| 330 | @a本卷以国家司法考试考核要点为序。书中案例分析分为分为历年案例真题解析、练习题及参考答案;法律文书写作分为历年法律文书真题、法律文书万能格式、写作练习及参考答案。 | |
| 410 | 0 | @12001 @a国家司法考试应试指导与练习丛书 |
| 606 | 0 | @a法律工作者@Afa lu gong zuo zhe@x资格考试@y中国@x自学参考资料 |
| 690 | @aD920.4@v4 | |
| 701 | 0 | @a吴景明@Awu jing ming@4主编 |
| 801 | 0 | @aCN@bQSSK@c20050901 |
| 905 | @a10447@dD920.4@eW804 | |
| 国家司法考试应试指导与练习用书.第四卷/吴景明主编.-北京:清华大学出版社,2004.07 |
| 324页;26cm.-(国家司法考试应试指导与练习丛书) |
| ISBN 7-302-08872-1:CNY36.00 |
| 本卷以国家司法考试考核要点为序。书中案例分析分为分为历年案例真题解析、练习题及参考答案;法律文书写作分为历年法律文书真题、法律文书万能格式、写作练习及参考答案。 |
| ● |
| 相关链接 |
|
|
|
正题名:国家司法考试应试指导与练习用书
索取号:D920.4/W804
 
预约/预借
| 序号 | 登录号 | 条形码 | 馆藏地/架位号 | 状态 | 备注 |
| 1 | 567236 | 205672360 | 社科库509/509社科库 83排7列3层/ [索取号:D920.4/W804] | 在馆 | |
| 2 | 567237 | 205672379 | 社科库509/509社科库 83排7列3层/ [索取号:D920.4/W804] | 在馆 | |
| 3 | 567238 | 205672388 | 社科库509/509社科库 83排7列3层/ [索取号:D920.4/W804] | 在馆 |